000 02079nam0a2200349 4500
001 RU\NLR\bibl\1467661
005 20260407075717.0
010 _a978-5-86465-405-7
_9500
021 _aRU
_b2009-98382
_96254
035 _a(NLR Aleph) 001459379
090 _a1573523
_c1573523
100 _a20100202d2009 |||y0rusy50 ca
101 0 _arus
102 _aRU
105 _aach |||||||||
200 1 _aДмитрий Иванович Алексеев
_eмемориальное издание, посвященное 90-летию со дня рождения профессора Д.И. Алексеева и 40-летию Кафедры русского языка
_fФедер. агентство по образованию, Гос. образоват. учреждение высш. проф. образования "Самар. гос. ун-т"
_g[сост. Е.С. Скобликова и др.
_gпод ред. проф. д.филол.н. Елены Сергеевны Скобликовой]
210 _aСамара
_cСамарский университет
_d2009
215 _a247 с.
_cил., факс., портр.
_d21
225 1 _aПрофессора Самарского государственного университета
320 _aСписок тр. Д.И. Алексеева: 232-238
320 _aБиблиогр.: с. 238-239
600 1 _aАлексеев
_bД.И.
_f1918 - 1988
_gДмитрий Иванович
_9944702
_3RU\NLR\auth\6631501
686 _aШ1г(2)7дАлексеев
686 _aЧ488.64(2)7-8Алексеев
702 1 _4570
_8rus
_7ca
_aАлексеев
_bД. И.
_cд-р филол. наук
_f1918-1988
_gДмитрий Иванович
_3RU\NLR\auth\77100502
_983428
702 1 _aСкобликова
_bЕ. С.
_gЕлена Сергеевна
_4220
712 0 2 _4570
_aСамарский государственный университет
_3RU\NLR\AUTH\884519
_9280558
801 0 _aRU
_bNLR
_c20100202
_gRCR
801 1 _aRU
_bNLR
_c20100202
942 _cBOOK
980 _aNB